Atta girl! : a celebration of women in sport

Bibliographic Details
Main Author: Allred, Alexandra Powe
Other Authors: Powe, Karen, Powe, Michelle
Format: Book
Published: Indiana : Wish Publishing , 2003
Subjects:

MARC

LEADER 00000cam a2200000 7i4500
001 0000099747
005 20071224.0
020 |a 1930546610 
090 0 0 |a 920   |b ALL 
100 1 |a Allred, Alexandra Powe 
245 1 0 |a Atta girl! :   |b a celebration of women in sport   |c Alexandra Powe Allred... [ et al ] 
260 |a Indiana :   |b Wish Publishing ,   |c 2003 
300 |a 227p. ;   |c 21cm. 
650 0 0 |a Women atheletes   |x Biography   |z United States 
700 1 |a Powe, Karen 
700 1 |a Powe, Michelle 
999 |a 00189317   |b BUKU   |c PINJAMAN   |e PERPUSTAKAAN KOMUNITI PETALING JAYA